000 00469cam a2200193ua 4500
001 1165
008 110610n ii |||gr||||Z||||||asm
020 _a81-7339-171-8
040 _cMAIN
082 _a330.954
245 1 0 _aBharotiya arthaniti
_cby Khirod Saikia
250 _a5th rev. ed.
260 _aDibrugarh:
_bBanalata,997.
300 _avii,381p.:5cm.
653 _aEconomics
653 _aIndian economy
700 _aSaikia, Khirod,
_eAuthor.
942 _cBK
999 _c1075
_d1075